Score 0/24 Timer 08:00
0 Plays Today
Row Subject % Correct
Row 1 AcrossBarbie and Ken dolls
98.5%
Row 1 AcrossPatrick Star and SpongeBob SquarePants
98.4%
Row 1 AcrossMichelle and Barack Obama
98.4%
Row 1 AcrossMarge and Homer Simpson
97.9%
Row 2 AcrossPrincess Leia and Darth Vader 'Star Wars'
97.1%
Row 4 AcrossKermit the Frog and Miss Piggy 'The Muppet Show'
96.7%
Row 1 AcrossOlive and Popeye 'Popeye the Sailor'
96.3%
Row 3 AcrossLaura and George Bush
95%
Row 3 AcrossLegos
94.6%
Row 1 AcrossPaul Stanley and Gene Simmons 'KISS'
94.4%
Row 2 AcrossElvis Presley
94.4%
Row 2 AcrossSarah Palin and John McCain
89.5%
Row Subject % Correct
Row 4 AcrossElin Nordegren and Tiger Woods
89.4%
Row 1 AcrossYoko Ono and John Lennon
88.5%
Row 2 AcrossBeavis and Butt-head
86.1%
Row 3 AcrossNancy and Ronald Reagan
85.9%
Row 4 AcrossMrs. Potts and Cogsworth 'Beauty and the Beast'
85.4%
Row 2 Across'The Scream' Edvard Munch
84.8%
Row 3 AcrossParis Hilton and Nicole Richie 'The Simple Life'
84.5%
Row 4 AcrossWolverine 'X-Men Origins:Wolverine'
81.3%
Row 4 AcrossBatgirl and The Penguin 'Batman'
75.6%
Row 3 AcrossAdam Savage and Jamie Hyneman 'Mythbusters'
71.8%
Row 2 AcrossBeyoncé and Jay-Z
62%
Row 1 AcrossLucille and George Bluth Sr. 'Arrested Development'
55%

You're not logged in!

Compare scores with friends on all Sporcle quizzes.
OR
Log In

Sporcle TV

Today on Sporcle TV


Watch our educational content, quiz creation guides, and fun videos on Sporcle TV.

Show Comments

Extras

Top Quizzes Today


Score Distribution

Your Account Isn't Verified!

In order to create a playlist on Sporcle, you need to verify the email address you used during registration. Go to your Sporcle Settings to finish the process.

Report this User

Report this user for behavior that violates our Community Guidelines.

Details: